000 00874nam a2200277 i 4500
001 C2-0331767
003 PPAK
005 20210728183903.0
008 150630s2015 my a|||| ||||| | eng d
020 _a9789670148892
040 _aPPAK
_beng
_cPPAK
_erda
082 0 4 _a398.20421
_223
090 0 0 _a398.20421
_bZAI
_dK
100 0 _aZaihanim Zainal Abidin,
_eauthor
245 1 0 _aSilly Pak Kaduk /
_cZaihanim Zainal Abidin.
264 1 _aSubang Jaya, Selangor :
_bMika Cemerlang Sdn. Bhd. ,
_c2015
300 _a29 pages :
_bcolour illustrations ;
_c26 cm
336 _2rdacontent
_atext
337 _2rdamedia
_aunmediated
338 _2rdacarrier
_avolume
490 1 _aCollection of humorous folktales
650 1 0 _aFolk literature, English. ; Humorous stories, English.
700 _eauthor
830 0 _aCollection of humorous folktales
942 _cB
_2ddc
999 _c130472
_d130472